000 00344 a2200157 4500
001 60621
020 _a8478272100
040 _cAnchieta - Pituba
100 _aImbernón, F.
240 1 0 _aA educação no século XXI
_lpor
245 1 0 _aA educação no século XXI
300 _a205
362 0 _a2000
650 4 _aEducação
942 _cBK
999 _c60621
_d60621